00713nam a22002057a 4500003001100000005001700011008004100028040003900069041000800108082001200116100001400128245010300142260007700245300001800322650002900340700002900369942000700398952008700405999001500492LK-CoMWRAF20231024142222.0231024b1841 |||||||| |||| 00| 0 eng d aLK-CoMWRAFdLK-CoMWRAFeLK-CoMWRAF aeng a032bAL aAl-Masudi aEl-Masūdī's Historical Encyclopaedia, Entitled "Meadows of Gold and Mines of Gems": bVolume 1 a[London]:bOriental Translation Fund of Great Britain and Ireland,c1841 aLxxii. 464 p. aENCYCLOPEDIAS,HISTORICAL aSprenger, Aloys etrans. cBK 00104070aMAINbMAINd2023-10-24l0o032 ALpRAF1845r2023-10-24w2023-10-24yBK c3993d3993